000 01162nas a2200325 4500
001 BR9001135
003 BR-BrBNA
005 20231205091830.0
007 ta
008 230509b bl.|||p| |||| 00| 00por d
040 _aBR-BrBNA
_bpor
_cBiblioteca Nacional de Agricultura
041 _a(Pt)
072 _aF30; H10
100 1 _aLemos, M.A.
100 1 _aAraujo, M.R.A. de
100 1 _aGama, E.E.G. e
100 1 _aMagnavaca, R.
100 1 _aOliveira, A.C. de
100 1 _aMoraes, A.R. de
245 1 _aSelecao entre e dentro de familias de meios-irmaos no milho dentado composto visando a resistencia a Spodoptera frugiperda e a Heliothis zea. 2. ciclo
246 1 _aSelection among and within half-sib families in "dentado composto" maize variety for resistance to Spodoptera frugiperda and Heliothis zea. 2. cycle
650 _aMILHO
650 _aVARIEDADE RESISTENTE
650 _aPRAGA DE PLANTA
650 _aLAGARTA
650 _aPERNAMBUCO
773 0 _tPesquisa Agropecuaria Brasileira (Brazil)
_xISSN 0100-204X
_g(Jan 1990), v. 25(1) p. 95-101
_wBR9001135
909 _a202311
_bLúcia
_c55
_dLúcia Elande
942 _2AGRIS
_n0
_cANA
999 _c127627
_d127627